<?xml version="1.0" encoding="UTF-8"?>
<marc:record xmlns:marc="http://www.loc.gov/MARC21/slim">
   <marc:leader>00000nam a2200000 a 4500</marc:leader>
   <marc:datafield ind1="1" ind2=" " tag="100">
      <marc:subfield code="a">Resetarits, Peter</marc:subfield>
      <marc:subfield code="4">aut</marc:subfield>
      <marc:subfield code="e">Verfasser/-in</marc:subfield>
   </marc:datafield>
   <marc:datafield ind1=" " ind2=" " tag="653">
      <marc:subfield code="a">Erbrecht</marc:subfield>
   </marc:datafield>
   <marc:datafield ind1=" " ind2=" " tag="653">
      <marc:subfield code="a">Pflege</marc:subfield>
   </marc:datafield>
   <marc:datafield ind1="0" ind2="0" tag="245">
      <marc:subfield code="a">Der Vorsorge-Berater</marc:subfield>
   </marc:datafield>
   <marc:datafield ind1="0" ind2="0" tag="245">
      <marc:subfield code="b">das Nachschlagewerk für die rechtliche, soziale und gesundheitliche Vorkehrung</marc:subfield>
   </marc:datafield>
   <marc:datafield ind1=" " ind2="1" tag="264">
      <marc:subfield code="b">Linde</marc:subfield>
      <marc:subfield code="c">2007</marc:subfield>
   </marc:datafield>
   <marc:datafield ind1="1" ind2=" " tag="490">
      <marc:subfield code="a">Linde populär</marc:subfield>
   </marc:datafield>
   <marc:datafield ind1="1" ind2=" " tag="520">
      <marc:subfield code="a">Umfassendes Praxishandbuch. (GR) Dieser Ratgeber behandelt alle wichtigen Themen, mit denen die meisten Menschen und ihre Angehörigen im Alter konfrontiert sind. Er beinhaltet etliche Checklisten, Beispiele aus der Praxis und eine Muster-Patientenverfügung. In neun Kapiteln werden die Themen Vorsorgevollmacht, Patientenverfügung, Sachwalterschaft, Pflege von Angehörigen, Alters- und Pflegeheime, Pensionsvorsorge und Erbrecht in allgemein gut verständlicher Form abgehandelt. Mit Hilfe von konkreten Lösungsmodellen, Musterverträgen und Vorbeugungsmaßnahmen sollen spätere Konflikte und Härtefälle vermieden werden. Eine umfassende Checkliste für Sozialleistungen und ein ausführlicher Adressenteil im Anhang runden den Band ab. Ein unentbehrlicher Ratgeber mit hohem praktischem Nutzen. Sehr empfehlenswert. *bn* Gerhard Popp</marc:subfield>
   </marc:datafield>
   <marc:datafield ind1=" " ind2=" " tag="020">
      <marc:subfield code="a">9783709301159</marc:subfield>
      <marc:subfield code="9">9783709301159</marc:subfield>
   </marc:datafield>
</marc:record>
